000 01057njm a2200241 i 4500
001 4550
003 ES-MaACL
005 20240619063040.0
007 s|r|||||||||||
008 041202s1981 sp ||| g ||||||||1|nspa d
100 1 _aPayán, Luisa María.
_989714
245 1 0 _aJuan Ramón Jiménez y su entorno
_h[Grabación sonora] /
_cinterviene en un recital Luisa María Payán.
260 _aMadrid :
_bAteneo de Madrid,
_c1981.
300 _a1 disco (CD-DA) (46 min. 51 seg.) ;
_c12 cm.
500 _aDatos basados en invitación.
518 _aActo organizado por la Sección de Literatura, Secretaría de Teatro del Ateneo de Madrid, grabado en el salón de actos el viernes 9 de octubre de 1981, a las 20:00 h.
600 1 4 _aJiménez, Juan Ramón,
_d1881-1958
_966417
610 2 4 _aAteneo de Madrid-
_xActos culturales-
_y1981-
_vGrabaciones sonoras.
_91893
710 2 _aAteneo de Madrid.
_bSección de Literatura. Secretaría de Teatro.
_91999
852 _aES-MaACL
_jROT 4/6/25
_94667
_cROT
942 _2udc
999 _c4550
_d4550